00792nam a2200205Ia 4500003000900000008004100009020002200050040001600072080001300088111008000101245022700181260003400408300001500442650001900457650001600476650001300492700002900505700002800534700002400562IN-BaIIA211028s9999 xx 000 0 eng d a978-3-642-00836-8 cIIA Library a532bBER aLectures Given At the C.I.M.E Summer SchoolcCetraro, Italyd2001 July 2-10 0aLectures on topological Fluid Mechanicsbproceedings of thelectures given at the C.I.M.E summer school held in Cetraro, Italy: July 2-10, 2001cedited by Mitchell A Berger..[et.al]  aBerlinbSpringer-Verlagc2009 axii, 221p. aFluidMechanics aMathematics aTopology aBerger, Mitchell A., ed. aKauffman, Louis H., ed. aKhesin, Boris., ed.